Clubs With Most Players in the FIFA World Cup 2018 - Statistics

General Stats
  • This quiz has been taken 485 times
    394 since last reset
  • The average score is 16 of 24
Answer Stats
Players # Club Country of Club % Correct
Philippe Coutinho (BRA), Paulinho (BRA), Gerard Pique (ESP), Jordi Alba (ESP), Sergio Busquets (ESP), Andrés Iniesta (ESP), Luis Suárez (URU), Ousmane Dembélé (FRA), Samuel Umtiti (FRA), Lionel Messi (ARG), Ivan Rakitić (CRO), Marc-André ter Stegen (GER), Thomas Vermaelen (BEL), Yerry Mina (COL) 14 FC Barcelona Spain
98%
Danilo (BRA), Fernandinho (BRA), Gabriel Jesus (BRA), Ederson (BRA), David Silva (ESP), Bernardo Silva (POR), Benjamin Mendy (FRA), Nicolás Otamendi (ARG), Sergio Agüero (ARG), İlkay Gündoğan (GER), Vincent Kompany (BEL), Kevin De Bruyne (BEL), Kyle Walker (ENG), John Stones (ENG), Raheem Sterling (ENG), Fabian Delph (ENG) 16 Manchester City England
98%
Marcelo (BRA), Casemiro (BRA), Dani Carvajal (ESP), Sergio Ramos (ESP), Nacho Fernández (ESP), Lucas Vázquez (ESP), Marco Asensio (ESP), Isco, Achraf Hakimi (MAR), Cristiano Ronaldo (POR), Raphaël Varane (FRA), Mateo Kovačić (CRO), Luka Modrić (CRO), Keylor Navas (CRC), Toni Kroos (GER) 15 Real Madrid Spain
98%
David de Gea (ESP), Paul Pogba (FRA), Marcos Rojo (ARG), Nemanja Matić (SRB), Victor Lindelöf (SWE), Marouane Fellaini (BEL), Romelu Lukaku (BEL), Jesse Lingard (ENG), Phil Jones (ENG), Ashley Young (ENG), Marcus Rashford (ENG) 11 Manchester United England
96%
Thiago (SPA), Corentin Tolisso (FRA), Manuel Neuer (GER), Mats Hummels (GER), Thomas Müller (GER), Niklas Süle (GER), Jérôme Boateng (GER), Joshua Kimmich (GER), Sebastian Rudy (GER), James Rodríguez (COL), Robert Lewandowski (POL) 11 Bayern Munich Germany
95%
Cesar Azpilicueta (ESP), Andreas Christensen (DEN), Olivier Giroud (FRA), N'Golo Kanté (FRA), Willy Caballero (ARG), Victor Moses (NGA), Willian (BRA), Antonio Rüdiger (GER), Thibaut Courtois (BEL), Eden Hazard (BEL), Gary Cahill (ENG) 11 Chelsea England
93%
Raphaël Guerreiro (POR), Manuel Akanji (SUI), Roman Bürki (SUI), Marco Reus (GER), Michy Batshuayi (BEL), Shinji Kagawa (JPN), Łukasz Piszczek (POL) 7 Borussia Dortmund Germany
91%
Marquinhos (BRA), Thiago Silva (BRA), Neymar (BRA), Edinson Cavani (URU), Presnel Kimpembe (FRA), Kylian Mbappé (FRA), Alphonse Areola (FRA), Ángel Di María (ARG), Giovani Lo Celso (ARG), Julian Draxler (GER), Kevin Trapp (GER), Thomas Meunier (BEL) 12 Paris Saint-Germain France
91%
Christian Eriksen (DEN), Hugo Lloris (FRA), Son Heung-min (KOR), Toby Alderweireld (BEL), Jan Vertonghen (BEL), Mousa Dembélé (BEL), Danny Rose (ENG), Eric Dier (ENG), Harry Kane (ENG), Kieran Trippier (ENG), Dele Alli (ENG), Dávinson Sánchez (COL) 12 Tottenham Hotspur England
90%
Nacho Monreal (ESP), Mohamed Elneny (EGY), Alex Iwobi (NGA), Granit Xhaka (SUI), Stephan Lichtsteiner (SUI), Mesut Özil (GER), Danny Welbeck (ENG), David Ospina (COL) 8 Arsenal England
89%
Douglas Costa (BRA), Rodrigo Bentancur (URU), Medhi Benatia (MAR), Gonzalo Higuaín (ARG), Blaise Matuidi (FRA), Paulo Dybala (ARG), Mario Mandžukić (CRO), Sami Khedira (GER), Juan Cuadrado (COL), Wojciech Szczęsny (POL) 10 Juventus Italy
89%
Roberto Firmino (BRA), Mohamed Salah (EGY), Dejan Lovren (CRO), Simon Mignolet (BEL), Jordan Henderson (ENG), Trent Alexander-Arnold (ENG), Sadio Mané (SEN) 7 Liverpool England
89%
Filipe Luis (BRA), Saúl Ñíguez (ESP), Koke (ESP), Diego Costa (ESP), José Giménez (URU), Diego Godín (URU), Antoine Griezmann (FRA), Lucas Hernández (FRA), Šime Vrsaljko (CRO) 9 Atlético Madrid Spain
84%
Pepe Reina (ESP), Mário Rui (POR), Dries Mertens (BEL), Arkadiusz Milik (POL), Kalidou Koulibaly (SEN), Piotr Zieliński (POL) 6 SSC Napoli Italy
62%
Simon Kjær (DEN), Steven Nzonzi (FRA), Gabriel Mercado (ARG), Éver Banega (ARG), Miguel Layún (MEX), Luis Muriel (COL) 6 Sevilla Spain
61%
João Moutinho (POR), Thomas Lemar (FRA), Djibril Sidibé (FRA), Danijel Subašić (CRO), Youri Tielemans (BEL), Radamel Falcao (COL), Keita Baldé (SEN), Kamil Glik (POL) 8 AS Monaco France
49%
Shinji Okazaki (JPN), Yohan Benalouane (TUN), Jamie Vardy (ENG), Harry Maguire (ENG), Kelechi Iheanacho (NGA), Wilfred Ndidi (NGA), Kasper Schmeichel (DEN), Adrien Silva (POR) 8 Leicester City England
33%
Igor Akinfeev (RUS), Mário Fernandes (RUS), Sergei Ignashevich (RUS), Alan Dzagoev (RUS), Aleksandr Golovin (RUS), Ahmed Musa (NGA) 6 CSKA Moscow Russia
31%
Daler Kuzyayev (RUS), Yuri Zhirkov (RUS), Aleksandr Yerokhin (RUS), Igor Smolnikov (RUS), Andrey Lunyov (RUS), Branislav Ivanović (SRB) 6 Zenit Saint Petersburg Russia
30%
Sebastián Coates (URU), Rui Patrício (POR), William Carvalho (POR), Bruno Fernandes (POR), Gelson Martins (POR), Marcos Acuña (ARG), Bryan Ruiz (CRC) 7 Sporting CP Portugal
29%
Abdullah Al-Mayouf (KSA), Osama Hawsawi (KSA), Ali Al-Bulaihi (KSA), Mohammed Al-Breik (KSA), Salman Al-Faraj (KSA), Abdulmalek Al-Khaibri (KSA), Mohamed Kanno (KSA), Yasser Al-Shahrani (KSA), Abdullah Otayf (KSA) 9 Al-Hilal Saudi Arabia
19%
Jannik Vestergaard (DEN), Yann Sommer (SUI), Nico Elvedi (SUI), Denis Zakaria (SUI), Josip Drmić (SUI), Matthias Ginter (GER), Thorgan Hazard (BEL) 7 Borussia Mönchengladbach Germany
18%
Ahmed Fathy (EGY), Marwan Mohsen (EGY), Mohamed El-Shenawy (EGY), Sherif Ekramy (EGY), Saad Samir (EGY), Ayman Ashraf (EGY), Ali Maâloul (TUN) 7 Al Ahly Egypt
13%
Mansoor Al-Harbi (KSA), Housain Al-Mogahwi (KSA), Taisir Al-Jassim (KSA), Muhannad Assiri (KSA), Yasser Al-Mosailem (KSA), Mohammed Al-Owais (KSA), Motaz Hawsawi (KSA), Mohamed Amine Ben Amor (TUN), Mark Milligan (AUS) 9 Al-Ahli Saudi Arabia
10%
No matching quizzes found
Score Distribution
Percent of People with Each Score
Percentile by Number Answered
Your Score History
You have not taken this quiz since the last reset